| 000 | 00585nam a2200205 u 4500 | ||
|---|---|---|---|
| 005 | 20240912063901.0 | ||
| 008 | 190227s2006 r 000 0 eng d | ||
| 020 | _a9501120910 | ||
| 035 | _aUPN01000229305 | ||
| 049 | _aI | ||
| 050 | 4 |
_aPZ78 _bS5.27 |
|
| 100 | 1 |
_aShua, Ana María, _d1951- _931901 |
|
| 245 | 1 | 0 |
_aBruno en la bañadera / _cAna María Shua ; il. Marcela Lescarboura. |
| 260 |
_aBuenos Aires : _bSigmar, _c2006. |
||
| 300 |
_a16 p. : _bil. col. |
||
| 440 | 3 | _aEl aljibe | |
| 650 | 4 |
_aCuentos infantiles argentinos _97466 |
|
| 905 | _aInfantil | ||
| 999 |
_c201400 _d201400 |
||